00946 2200253 4500001002100000005001500021035002000036008004100056020002400097041000800121082001000129084001400139100009600153245013200249260005800381300003700439500001900476504001700495520007300512650002900585650002800614990002500642990002500667INLIS00000000000428220221020014304 a0010-0520004282221020 | | ind  a979 - 9222 - 17 - 6 aind a320.5 a320.5 GER0 aGeraka 30 September : Antara Fakta dan Rekayasa : Berdasarkan Kesaksian Para Pelaku Sejarah1 aGeraka 30 September : Antara Fakta dan Rekayasa : Berdasarkan Kesaksian Para Pelaku Sejarah /cCounter For Information Analysis aYogyakarta :bCounter For Information Analysis,c1999 ax, 142 hlm. ; 19,5 cm ;c19,5 cm aIndeks : Index aBibliography aFacts on the abortive coup September 30 Movement, 1995 in Indonesia. 4a1. Komunisme - Indonesia 4a2. Gerakan 30 September a01425/MKRI-P/II-2005 a01425/MKRI-P/II-2005